000 00930nas a2200277 4500
001 BR8704845
003 BR-BrBNA
005 20231205090724.0
007 ta
008 230509b bl.|||p| |||| 00| 00por d
040 _aBR-BrBNA
_bpor
_cBiblioteca Nacional de Agricultura
041 _a(Pt)
072 _aH10
100 1 _aAlmeida, R.T. de
100 1 _aVasconcelos, I.
100 1 _aFreire, V.F.
111 1 _a18. Congresso Brasileiro de Fitopatologia
_cFortaleza, CE (Brazil)
_dJul 1985
245 1 _aPlantas hospedeiras da alga Cephaleuros virescens Kunze no estado do Ceara, Brasil
246 1 _aHost plants of Cephaleuros virescens Kunze in the state of Ceara, Brazil
650 _aALGA
650 _aPLANTA HOSPEDEIRA
650 _aCEARA
773 0 _tCiencia Agronomica (Brazil)
_xISSN 0045-6888
_g(Dec 1985), v. 16(2) p. 53-55
_wBR8704845
909 _a202311
_bLúcia
_c55
_dLúcia Elande
942 _2AGRIS
_n0
_cANA
999 _c120465
_d120465